| 000 | 00621nam a22002177a 4500 | ||
|---|---|---|---|
| 999 |
_c3202 _d3202 |
||
| 003 | AR-CdUCM | ||
| 008 | 190306b ||||| |||| 00| 0 spa d | ||
| 040 |
_aMUNICIPALIDAD PROVINCIAL DEL CUSCO _cBIBLIOTECA MUNICIPAL DEL CUSCO |
||
| 082 |
_a498 / _bM813 |
||
| 100 |
_aMontufar, Uriel _910744 |
||
| 245 | _aDiccionario español -quechua / | ||
| 260 |
_aArequipa : _bAtors S.R.L., _c1990. |
||
| 300 |
_a272 paginas ; _c20 cm. |
||
| 500 | _aQuechua - Español | ||
| 505 | _aDiccionario. | ||
| 650 |
_aQuechua _92063 |
||
| 650 |
_aDiccionario _95196 |
||
| 650 |
_aEspañol _97869 |
||
| 942 |
_2ddc _cLIBROS |
||
| 945 | _awnts | ||